A member of the genus Homo from ʻUbeidiya, (Record no. 34145)
[ view plain ]
| 000 -LEADER | |
|---|---|
| fixed length control field | 00755cam a22002411 4500 |
| 001 - CONTROL NUMBER | |
| control field | he 68004696 |
| 003 - CONTROL NUMBER IDENTIFIER | |
| control field | DLC |
| 005 - DATE AND TIME OF LATEST TRANSACTION | |
| control field | 20260227111509.0 |
| 008 - FIXED-LENGTH DATA ELEMENTS--GENERAL INFORMATION | |
| fixed length control field | 770422s1966 is f b 00010 eng |
| 010 ## - LIBRARY OF CONGRESS CONTROL NUMBER | |
| LC control number | he 68004696 //r962 |
| 025 ## - OVERSEAS ACQUISITION NUMBER | |
| Overseas acquisition number | PL480:Is-3502 |
| 040 ## - CATALOGING SOURCE | |
| Original cataloging agency | DLC |
| Transcribing agency | DLC |
| Modifying agency | DLC |
| 043 ## - GEOGRAPHIC AREA CODE | |
| Geographic area code | a-is--- |
| 050 00 - LIBRARY OF CONGRESS CALL NUMBER | |
| Classification number | GN282 |
| Item number | .T62 |
| 100 10 - MAIN ENTRY--PERSONAL NAME | |
| Personal name | Tobias, Phillip V. |
| 245 12 - TITLE STATEMENT | |
| Title | A member of the genus Homo from ʻUbeidiya, |
| Statement of responsibility, etc. | by P. V. Tobias. |
| 260 0# - PUBLICATION, DISTRIBUTION, ETC. | |
| Place of publication, distribution, etc. | Jerusalem, |
| Name of publisher, distributor, etc. | Israel Academy of Sciences and Humanities, |
| Date of publication, distribution, etc. | 1966. |
| 300 ## - PHYSICAL DESCRIPTION | |
| Extent | 12 p. |
| Other physical details | 3 plates. |
| Dimensions | 27 cm. |
| 440 #0 - SERIES STATEMENT/ADDED ENTRY--TITLE | |
| Title | Publications of the Israel Academy of Sciences and Humanities |
| 504 ## - BIBLIOGRAPHY, ETC. NOTE | |
| Bibliography, etc. note | Bibliography: p. 12. |
| 650 #0 - SUBJECT ADDED ENTRY--TOPICAL TERM | |
| Topical term or geographic name entry element | Fossil hominids |
| Geographic subdivision | Israel. |
| 651 #0 - SUBJECT ADDED ENTRY--GEOGRAPHIC NAME | |
| Geographic name | ʻUbeidīya site, Israel. |
No items available.